=LDR 00000nam 2200000 4500 =001 INLIS000000000021504 =005 20201201081630 =035 ##$$a 0010-061300000021504 =008 201201################g##########0#ind## =041 ##$$a Ind =082 ##$$a 330.07 =090 ##$$a 330.07, Win c =100 1#$$a Winoto, Windu =245 1#$$a Ekonomi 2 untuk SMU Kelas 2 /$c Drs.Windu Winoto =260 ##$$a Surakarta :$b Pabean,$c 1996 =300 ##$$a vi, 135 hlm., 30 cm ; $c 26 x 20 cm =650 #4$$a Ekonomi-Studi Pengajaran =850 ##$$a NBPNMAT =084 ##$$a 330.07 WIN e =250 ##$$a cet. 2 =990 ##$$a 94.554/Pb 96 =990 ##$$a 130645/Pro.98 =990 ##$$a 00034336 =990 ##$$a 92308/BPAP-NTB/2014 =990 ##$$a 130645/Pro.98 =990 ##$$a 94.554/Pb 96 =990 ##$$a 00034336 =990 ##$$a 92308/BPAP-NTB/2014 =990 ##$$a 1039492 =990 ##$$a 94.554/Pb 96 =990 ##$$a 130645/Pro.98 =990 ##$$a 00034336 =990 ##$$a 00034336 =990 ##$$a 94.554/Pb 96 =990 ##$$a 130645/Pro.98 =990 ##$$a 1039492 =990 ##$$a 94.554/Pb 96 =990 ##$$a 130645/Pro.98 =990 ##$$a 00034336 =990 ##$$a 1039492 =990 ##$$a 21400613/BPAP-NTB/20142014 =990 ##$$a 94.554/Pb 96 =990 ##$$a 130645/Pro.98 =990 ##$$a 00034336 =990 ##$$a 1039492 =990 ##$$a 00034335 =990 ##$$a 94.554/Pb 96 =990 ##$$a 130645/Pro.98 =990 ##$$a 00034336 =990 ##$$a 1039492 =990 ##$$a 21400613/BPAP-NTB/20142014 =990 ##$$a 00089092 =990 ##$$a 00034335 =990 ##$$a 94.554/Pb 96 =990 ##$$a 130645/Pro.98 =990 ##$$a 00034336 =990 ##$$a 1039492 =990 ##$$a 1039492 =990 ##$$a 00034335 =990 ##$$a 94.554/Pb 96 =990 ##$$a 130645/Pro.98 =990 ##$$a 00034336 =990 ##$$a 00089092 =990 ##$$a 00034336 =990 ##$$a 00034335 =990 ##$$a 94.554/Pb 96 =990 ##$$a 130645/Pro.98 =990 ##$$a 1039492 =990 ##$$a 00089092 =990 ##$$a 94.554/Pb 96 =990 ##$$a 00034335 =990 ##$$a 130645/Pro.98 =990 ##$$a 00034336 =990 ##$$a 1039492 =990 ##$$a 00089092 =990 ##$$a 00034335 =990 ##$$a 94.554/Pb 96 =990 ##$$a 130645/Pro.98 =990 ##$$a 00034336 =990 ##$$a 1039492 =990 ##$$a 00089092 =990 ##$$a 00034335 =990 ##$$a 94.554/Pb 96 =990 ##$$a 130645/Pro.98 =990 ##$$a 00034336 =990 ##$$a 1039492 =990 ##$$a 00089092 =990 ##$$a 130.648/Pro-98 =990 ##$$a 94.554/Pb 96 =990 ##$$a 130645/Pro.98 =990 ##$$a 00034336 =990 ##$$a 1039492 =990 ##$$a 00089092 =990 ##$$a 00089092 =990 ##$$a 130.648/Pro-98 =990 ##$$a 94.554/Pb 96 =990 ##$$a 130645/Pro.98 =990 ##$$a 00034336 =990 ##$$a 1039492 =990 ##$$a 00034336 =990 ##$$a 130.648/Pro-98 =990 ##$$a 94.554/Pb 96 =990 ##$$a 130645/Pro.98 =990 ##$$a 1039492 =990 ##$$a 00089092 =990 ##$$a 00034336 =990 ##$$a 130.648/Pro-98 =990 ##$$a 94.554/Pb 96 =990 ##$$a 130645/Pro.98 =990 ##$$a 1039492 =990 ##$$a 00089092 =990 ##$$a 00034334 =990 ##$$a 130.648/Pro-98 =990 ##$$a 94.554/Pb 96 =990 ##$$a 130645/Pro.98 =990 ##$$a 00034336 =990 ##$$a 1039492 =990 ##$$a 00089092 =990 ##$$a 00034334 =990 ##$$a 130.648/Pro-98 =990 ##$$a 94.554/Pb 96 =990 ##$$a 130645/Pro.98 =990 ##$$a 00034336 =990 ##$$a 1039492 =990 ##$$a 00089092 =990 ##$$a 137.562/Pb-98 =990 ##$$a 00034334 =990 ##$$a 130.648/Pro-98 =990 ##$$a 94.554/Pb 96 =990 ##$$a 130645/Pro.98 =990 ##$$a 1039492 =990 ##$$a 00089092